<?xml version="1.0" encoding="UTF-8"?>
<record
    xmlns:xsi="http://www.w3.org/2001/XMLSchema-instance"
    xsi:schemaLocation="http://www.loc.gov/MARC21/slim http://www.loc.gov/standards/marcxml/schema/MARC21slim.xsd"
    xmlns="http://www.loc.gov/MARC21/slim">

  <leader>00717nam a2200205   4500</leader>
  <controlfield tag="001">80980</controlfield>
  <controlfield tag="003">BD-RjUL</controlfield>
  <controlfield tag="005">20221218132233.0</controlfield>
  <controlfield tag="008">221218s1698    pk ||||| |||| 00| 0 u   d</controlfield>
  <datafield tag="035" ind1=" " ind2=" ">
    <subfield code="a">(BD-RjUL)80980</subfield>
  </datafield>
  <datafield tag="040" ind1=" " ind2=" ">
    <subfield code="a">BD-RjUL</subfield>
    <subfield code="b">eng</subfield>
    <subfield code="c">BD-RjUL</subfield>
  </datafield>
  <datafield tag="041" ind1=" " ind2=" ">
    <subfield code="a">urd</subfield>
  </datafield>
  <datafield tag="082" ind1=" " ind2=" ">
    <subfield code="2">23</subfield>
    <subfield code="a">297</subfield>
    <subfield code="b">SIZ 1698</subfield>
  </datafield>
  <datafield tag="100" ind1=" " ind2=" ">
    <subfield code="a">&#x633;&#x64A;&#x627;&#x644;&#x643;&#x648;&#x679;&#x6CC;&#x66B; &#x645;&#x62D;&#x645;&#x62F; &#x627;&#x628;&#x648;&#x627;&#x644;&#x62D;&#x633;&#x646;   Sialkot, Muhammad Abul Hasan</subfield>
    <subfield code="9">6346</subfield>
  </datafield>
  <datafield tag="245" ind1="1" ind2="4">
    <subfield code="a">&#x627;&#x644;&#x638;&#x641;&#x631; &#x627;&#x644;&#x645;&#x628;&#x6CC;&#x646; &#x641;&#x6CC; &#x631;&#x62F; &#x645;&#x63A;&#x627;&#x644;&#x637;&#x627;&#x62A; &#x627;&#x644;&#x645;&#x642;&#x644;&#x62F;&#x6CC;&#x646;   Al Zafar Ul Mubeen Fee Radd Mughalitatul Muqallideen /</subfield>
    <subfield code="c">Muhammad Abul Hasan Sialkoti   &#x645;&#x62D;&#x645;&#x62F; &#x627;&#x628;&#x648;&#x627;&#x644;&#x62D;&#x633;&#x646; &#x633;&#x64A;&#x627;&#x644;&#x643;&#x648;&#x679;&#x6CC;</subfield>
  </datafield>
  <datafield tag="260" ind1=" " ind2=" ">
    <subfield code="a">23</subfield>
    <subfield code="b">297</subfield>
    <subfield code="c">    1698</subfield>
  </datafield>
  <datafield tag="300" ind1=" " ind2=" ">
    <subfield code="a">V-1</subfield>
    <subfield code="c">22 cm</subfield>
  </datafield>
  <datafield tag="650" ind1=" " ind2=" ">
    <subfield code="a">Islam</subfield>
  </datafield>
  <datafield tag="942" ind1=" " ind2=" ">
    <subfield code="2">ddc</subfield>
    <subfield code="c">BK</subfield>
  </datafield>
  <datafield tag="999" ind1=" " ind2=" ">
    <subfield code="c">80980</subfield>
    <subfield code="d">80980</subfield>
  </datafield>
  <datafield tag="952" ind1=" " ind2=" ">
    <subfield code="0">0</subfield>
    <subfield code="1">0</subfield>
    <subfield code="2">ddc</subfield>
    <subfield code="4">0</subfield>
    <subfield code="7">1</subfield>
    <subfield code="8">NFIC</subfield>
    <subfield code="a">RUCL</subfield>
    <subfield code="b">RUCL</subfield>
    <subfield code="c">Reading</subfield>
    <subfield code="d">2022-12-18</subfield>
    <subfield code="o">U 297 SIZ V-1 1698</subfield>
    <subfield code="r">2022-12-18 00:00:00</subfield>
    <subfield code="t">C-1</subfield>
    <subfield code="y">BK</subfield>
  </datafield>
</record>
